Global security in the twenty-first century : (Record no. 14454)

000 -LEADER
fixed length control field 01948nam a2200253 a 4500
001 - CONTROL NUMBER
control field ASIN1442206144
005 - DATE AND TIME OF LATEST TRANSACTION
control field 20170105102855.0
008 - FIXED-LENGTH DATA ELEMENTS--GENERAL INFORMATION
fixed length control field 130829s2011 xxu eng d
020 ## - INTERNATIONAL STANDARD BOOK NUMBER
International Standard Book Number 1442206144 (paperback)
Terms of availability $49.95
020 ## - INTERNATIONAL STANDARD BOOK NUMBER
International Standard Book Number 9781442206144 (paperback)
040 ## - CATALOGING SOURCE
Original cataloging agency 0
050 04 - LIBRARY OF CONGRESS CALL NUMBER
Classification number JZ5588
082 04 - DEWEY DECIMAL CLASSIFICATION NUMBER
Classification number 355.033
100 1# - MAIN ENTRY--PERSONAL NAME
Personal name Kay, Sean.
245 10 - TITLE STATEMENT
Title Global security in the twenty-first century :
Remainder of title the quest for power and the search for peace /
Statement of responsibility, etc. Sean Kay.
250 ## - EDITION STATEMENT
Edition statement 2nd Edition.
260 ## - PUBLICATION, DISTRIBUTION, ETC.
Place of publication, distribution, etc. [S.l.] :
Name of publisher, distributor, etc. Rowman & Littlefield Publishers,
Date of publication, distribution, etc. 2011.
300 ## - PHYSICAL DESCRIPTION
Extent 410 p. ;
Dimensions 23 cm.
520 ## - SUMMARY, ETC.
Summary, etc. This thoroughly updated edition of Global Security in the Twenty-first Century offers a balanced introduction to contemporary security dilemmas in the world. Sean Kay assesses the impact of the global economic crisis on international security and considers how the range of thinking about power and peace has evolved in relation to major flashpoints including in the Middle East, Asia, and Eurasia. Kay focuses especially on the implications of the election of Barack Obama and the changing role of the United States in global security. He builds on the first edition's emphasis on the role of trade and technology, the militarization of space, the privatization of security, the use of sanctions, ethnic conflict, and transnational crime. This edition goes even farther to incorporate traditional thinking about national security in the context of human rights, democracy, population, health, environment, energy, and especially education. Writing in an engaging style, Kay integrates traditional and emerging challenges in one easily accessible study that gives readers the tools they need to develop a thoughtful and nuanced understanding of global security.
650 #0 - SUBJECT ADDED ENTRY--TOPICAL TERM
Topical term or geographic name entry element Peace
650 #0 - SUBJECT ADDED ENTRY--TOPICAL TERM
Topical term or geographic name entry element Security, International
856 40 - ELECTRONIC LOCATION AND ACCESS
Materials specified Amazon.com
Uniform Resource Identifier <a href="http://www.amazon.com/exec/obidos/ASIN/1442206144/chopaconline-20">http://www.amazon.com/exec/obidos/ASIN/1442206144/chopaconline-20</a>
942 ## - ADDED ENTRY ELEMENTS (KOHA)
Source of classification or shelving scheme
Koha item type Book
Holdings
Withdrawn status Lost status Damaged status Not for loan Collection code Permanent Location Current Location Shelving location Date acquired Total Checkouts Full call number Barcode Date last seen Price effective from Koha item type
          Centre for International Peace & Stability (CIPS) Centre for International Peace & Stability (CIPS) General Stacks 08/29/2013   355.033 KAY 2011 CIPS0000777 08/29/2013 08/29/2013 Book
© 2023 Central Library, National University of Sciences and Technology. All Rights Reserved.